Die heilige Schrift des alten Testamentes. II. Theiles zweyter Band, Welcher die zwey Bücher Samuels enthält /

Other Authors: Brentano, Dominikus von, 1740-1797, Neuenstein, Rupert II. von, zemř. 1793
Language: German
Published: Frankfurt am Main : in Commission bey Jos. Miller, 1812
Physical Description: 284 s. ; 8°
Book
Saved in:
LEADER 01139nam a22002657a 4500
001 mzk03001205427
003 CZ BrMZK
005 20141003081800.0
007 ta
008 091109s1812 gw ||||f||||||||||||ger|d
040 |a BOA001  |b cze  |c BOA001  |d BOA001 
072 7 |a 094.5  |x Tisky (19. století)  |2 Konspekt  |9 12 
130 0 |a Bible.  |p S.Z.  |p Samuelova, 1.  |l Německy 
245 1 4 |a Die heilige Schrift des alten Testamentes.  |n II. Theiles zweyter Band,  |p Welcher die zwey Bücher Samuels enthält /  |c Auf Befehl des Hochwürdigsten Fürsten und Herrn Herrn Rupert II. Abtes des fürstl. Hochstiftes Kempten & & herausgegeben von Dominikus von Brentano hochfürstlich kemptischen geistlichen geheim Rathe und Hofkaplan 
260 |a Frankfurt am Main :  |b in Commission bey Jos. Miller,  |c 1812 
300 |a 284 s. ;  |c 8° 
500 |a Výzdoba: Linky 
700 1 |a Brentano, Dominikus von,  |d 1740-1797  |7 xx0079937  |4 edt 
700 1 |a Neuenstein, Rupert II. von,  |d zemř. 1793  |4 oth 
910 |a BOE452  |b Mn 
978 |b Miller, Josef  |a Frankfurt a.M.  |c 1812 
984 |a Frankfurt nad Mohanem  |b Německo 
985 |a 1801-1850 
990 |a BK 
991 |k minorite